| 000 | 00643nam a2200217 u 4500 | ||
|---|---|---|---|
| 005 | 20250409063813.0 | ||
| 008 | 131127s2008 mx r 000 0 spa d | ||
| 020 | _a9786077514084 | ||
| 035 | _aUPN01000194290 | ||
| 049 | _aCG | ||
| 050 | 4 |
_aHN120 D5 _bC8.7 2008 |
|
| 245 | 0 | 0 |
_aCurso taller : _bprohibido discriminar. |
| 250 | _a2a ed. corr. y aumen. | ||
| 260 |
_aMéxico : _bCONAPRED, _c2008. |
||
| 300 |
_a268 p. : _bcuadros |
||
| 650 | 4 |
_aDiscriminación _zMéxico _921329 |
|
| 650 | 4 |
_aDerechos humanos _zMéxico _95183 |
|
| 650 | 4 |
_aDiscriminación _xLeyes y legislación _zMéxico _920911 |
|
| 905 | _aLibro | ||
| 999 |
_c166391 _d166391 |
||